000 00859nam a2200265 a 4500
001 BRCA_360
005 20190320202956.0
008 921116s1992 dcua---##b---#001-0#eng-#
020 _a1560982438
040 _aDLC
_cDLC
_dDLC
050 4 _aND1053.5
_b.C58 1992
100 1 _aClark, Timothy
_91202
245 1 0 _aUkiyo-e Paintings in the British Museum
_cTimothy Clark.
260 _aWashington, D.C.
_bSmithsonian Institution
_c1992
300 _a256 p.
_bil. (algunas a color)
_c28 cm.
500 _aDonación Fundación Japón
504 _aBibliografía : p. 241-250
610 2 4 _aBritish Museum
_vCatálogos
_91203
650 1 4 _aPintura japonesa
_vCatálogos
_yPeriod Edo, 1699-1868
_91204
650 1 4 _aUkiyoe
_vCatálogos
_91205
650 1 4 _aPintura
_vCatálogos
_zInglaterra
_91206
710 2 _aBritish Museum
_91207
902 _aDFJ
942 _2lcc
_cB
999 _c297
_d297